000 01022cam a22002531 4500
001 e 21000509
003 DLC
005 20260227111212.0
008 810609s1920 tnua s000 0 eng c
010 _ae 21000509
035 _a(OCoLC)7489400
040 _aLibrary U.S. Bur. of Education
_cTM
_dTM
_dOCoLC
_dDLC
042 _apremarc
043 _an-us-tn
050 0 0 _aHV742.T2
_bN3
110 2 _aNational Child Labor Committee (U.S.)
245 0 0 _aChild welfare in Tennessee.
_bAn inquiry by the National child labor committee for the Tennessee child welfare commission.
_cUnder the direction of Edward N. Clopper ...
260 _a[Nashville,
_bPrinting department, Tennessee industrial school,
_c1920]
300 _a616 p.
_btables.
_c23 cm.
500 _aOn cover: Published by State of Tennessee Dept. of public instruction, Albert Williams, supt., 1920.
700 1 _aClopper, Edward Nicholas,
_d1879-1953.
710 1 _aTennessee.
_bDepartment of Education.
710 2 _aTennessee Child Welfare Commission.
999 _c20478
_d20478